| 000 | 01132nam a2200217Ia 4500 | ||
|---|---|---|---|
| 003 | Ost | ||
| 005 | 20260507075740.0 | ||
| 008 | 260507s9999||||xx |||||||||||||| ||und|| | ||
| 040 | _cfsecg | ||
| 041 | _aara | ||
| 082 | _a658.8 | ||
| 100 |
_aمجيد، جاسم _eمؤلف |
||
| 245 | 0 |
_aالادارة الحديثة في التسويق-الوقت-الجودة / _c جاسم مجيد |
|
| 260 |
_aالاسكندرية: _bمؤسسة شباب الجامعة, _c2004 |
||
| 300 |
_a264 صفحة؛ _bإيضاحات ؛ _c24 سم |
||
| 520 | _aالتخطيط الإداري والإنتاجي،الوظائف والمنشآت،المستهلك قناعته وسلوكه،الكلمة والسلوك في الشراء،الإستراتيجية في مجال السوق،استراتيجية الإعلان،الرقابة الكاملة للجودة،رقابة الوقت،السوق العالمي والجودة،السوق في مجال التقسيم،حماية المستهلك،النظام الموثق في الجودة | ||
| 653 | _aالتسويق | ||
| 653 | _aالجودة | ||
| 653 | _aالوقت | ||
| 942 | _cكتاب | ||
| 999 |
_c46131 _d46131 |
||